Trienal de Chile 2009: coloquios

Guardat en:
Dades bibliogràfiques
Format: Llibre
Idioma:espanyol
Publicat: Santiago Fundación Trienal de Chile 2009
Santiago Consejo Nacional de la Cultura y las Artes 2009
Matèries:
Etiquetes: Afegir etiqueta
Sense etiquetes, Sigues el primer a etiquetar aquest registre!

MARC

LEADER 00000nam a2200000 a 4500
001 UCG2164
003 CL-VaPUC
008 100617e20090000CL |||||||||||||||||spa|d
020 |a 9789568926007 
082 0 4 |a 700  |b TRI  |2 21 
245 1 0 |a Trienal de Chile 2009: coloquios 
246 1 3 |a El arte en diálogo y tensión con las transformaciones sociales y culturales del mundo contemporáneo 
300 |a 350 p 
942 |c BK 
945 |d 20100617 00:00:00  |a dcastane 
260 |a Santiago  |b Fundación Trienal de Chile  |c 2009 
260 |a Santiago  |b Consejo Nacional de la Cultura y las Artes  |c 2009 
650 0 |a Arte  |9 265238 
650 0 |a Fotografía  |9 268495 
650 0 |a Escultura  |9 265737 
650 0 |a Pintura  |9 265046 
650 7 |a MUESTRA DE ARTE  |2 CL-VaPUC  |9 545575 
583 |a last modification  |c 20130326 10:59:27  |k Rodrigo Vera 
999 |c 341395  |d 341393 
952 |0 0  |1 0  |4 0  |6 700_000000000000000_TRI_2009_2009  |7 0  |8 F  |9 436832  |a BIBART  |b BIBART  |d 2019-11-22  |i 4673743  |o 700 TRI 2009 2009  |p 4673743  |r 2025-03-13  |w 2019-11-22  |y BK_F  |k ART